Statistics for Hearts of Iron 4 Major Cities

Click here to take the quiz!

General Stats

  • This quiz has been taken 212 times
  • The average score is 46 of 63

Answer Stats

CountryVPsMajor City% Correct
Germany50Berlin
100%
United Kingdom50London
99%
Soviet Union50Moscow
98%
France50Paris
98%
Italy40Rome
98%
Japan50Tokyo
98%
Netherlands40Amsterdam
97%
Austria40Vienna
95%
United States40Washington DC
95%
Spain30Madrid
92%
Belgium30Brussels
91%
Poland25Warsaw
91%
Soviet Union30Leningrad
89%
Czechoslovakia30Prague
89%
Spain30Barcelona
88%
United States30Los Angeles
88%
Greece20Athens
85%
Japan30Hiroshima
85%
Mexico25Mexico City
85%
Japan30Nagasaki
84%
United States30New York
84%
Soviet Union30Stalingrad
84%
Turkey25Istanbul
83%
China20Beijing
81%
Hungary20Budapest
81%
Australia30Canberra
81%
Australia20Sydney
81%
Romania20Bucharest
78%
Denmark20Copenhagen
77%
Soviet Union25Kiev
77%
Germany20Munich
76%
China20Nanjing
76%
United Kingdom30Liverpool
75%
Canada20Ottawa
74%
Sweden20Stockholm
73%
Belgium30Antwerp
72%
Germany20Hamburg
71%
Portugal20Lisbon
71%
United States30Chicago
70%
Japan40Osaka
69%
United States25San Francisco
69%
Soviet Union20Minsk
68%
United Kingdom25Birmingham
64%
Poland20Krakow
64%
United States20Boston
61%
Italy20Naples
61%
Germany20Frankfurt
60%
Netherlands20Rotterdam
59%
Brazil20Sao Paulo
56%
France20Bordeaux
55%
Australia20Melbourne
54%
United States20Philadelphia
53%
Italy20Palermo
52%
Czechoslovakia20Brno
50%
United States20Detroit
50%
France20Brest
49%
Canada20Montreal
47%
Germany20Stuttgart
44%
United Kingdom20Dover
42%
China20Chongqing
39%
Japan25Nagoya
37%
United Kingdom20Cairo
29%
Soviet Union20Sevastopol
27%

Score Distribution

Percentile by Number Answered

Percent of People with Each Score

Your Score History

You have not taken this quiz